Statistics for Top 100 Biggest Cities in Washington

Click here to take the quiz!

General Stats

  • This quiz has been taken 66 times
  • The average score is 31 of 100

Answer Stats

Population City % Correct
608,660Seattle
100%
208,916Spokane
98%
198,397Tacoma
93%
46,478Olympia
90%
161,791Vancouver
88%
122,363Bellevue
78%
103,019Everett
76%
31,731Walla Walla
73%
91,067Yakima
73%
92,411Kent
73%
90,927Renton
71%
89,306Federal Way
68%
80,885Bellingham
68%
73,917Kennewick
68%
54,144Redmond
61%
48,787Kirkland
59%
89,755Spokane Valley
59%
70,180Auburn
59%
60,020Marysville
56%
59,781Pasco
56%
18,174Ellensburg
54%
48,058Richland
54%
16,896Aberdeen
51%
29,799Pullman
51%
26,909SeaTac
49%
19,038Port Angeles
46%
53,007Shoreline
44%
37,022Puyallup
44%
30,434Issaquah
44%
16,336Centralia
44%
20,366Moses Lake
41%
33,505Bothell
41%
31,743Mount Vernon
39%
37,729Bremerton
39%
31,925Wenatchee
39%
33,313Burien
39%
35,836Lynnwood
37%
36,648Longview
37%
19,107Tukwila
37%
42,393Lacey
37%
58,163Lakewood
37%
15,778Anacortes
32%
17,926Arlington
32%
17,371Tumwater
32%
39,709Edmonds
32%
17,575Covington
29%
45,780Sammamish
27%
18,244Mill Creek
27%
17,304Monroe
27%
22,684Maple Valley
27%
20,254Mukilteo
27%
22,075Oak Harbor
24%
11,415Ferndale
24%
29,673Des Moines
24%
22,699Mercer Island
24%
19,355Camas
20%
17,571Battle Ground
20%
28,069Lake Stevens
20%
17,374Bonney Lake
17%
23,025Bainbridge Island
17%
20,460Kenmore
17%
31,144University Place
17%
27,227Spanaway
15%
11,925Kelso
15%
11,951Lynden
15%
13,495White Center
15%
19,909Mountlake Terrace
15%
15,858Sunnyside
15%
23,491Graham
12%
52,431South Hill
12%
11,811West Richland
12%
19,204Silverdale
12%
14,095Washougal
10%
35,803Parkland
10%
13,190East Wenatchee
10%
12,598Lake Forest Park
10%
22,494Cottage Lake
7%
18,159Five Corners
5%
11,859Lake Tapps
5%
19,686Salmon Creek
5%
19,556Orchards
2%
15,645Bryn Mawr-Skyway
2%
20,891Silver Firs
2%
14,205Elk Plain
2%
20,101Eastmont
2%
18,805Union Hill-Novelty Hill
2%
11,464Prairie Ridge
2%
11,574Lakeland South
0%
19,102Fairwood
0%
22,707Inglewood-Finn Hill
0%
18,719Frederickson
0%
12,653Artondale
0%
12,942Lakeland North
0%
13,065Kingsgate
0%
15,709Mill Creek East
0%
19,435Hazell Dell
0%
16,574North Lynnwood
0%
16,607Bothell West
0%
29,878East Hill-Meridian
0%
15,473Martha Lake
0%

Score Distribution

Percentile by Number Answered

Percent of People with Each Score

Your Score History

You have not taken this quiz